第66回都市対抗野球大会 (1995) に出場したチーム - Statistics

General Stats
  • This quiz has been taken 6 times
  • The average score is 10 of 32
Answer Stats
成績(無表記は1回戦敗退) 予選 都市名 チーム名 Hint % Correct
2回戦敗退 前年優勝による推薦出場 鈴鹿市 本田技研鈴鹿 2年連続13回目
100%
北関東 日立市 日立製作所 2年ぶり21回目
100%
準々決勝敗退 東海 豊田市 トヨタ自動車 3年ぶり6回目
100%
準々決勝敗退 阪和 大阪市 日本生命 6年連続38回目
100%
東京 東京都 東京ガス 13年ぶり10回目
67%
神奈川 川崎市 東芝 2年連続21回目
67%
4強 東海 大垣市 西濃運輸 3年連続21回目
67%
阪和 和歌山市 住友金属 4年ぶり21回目
67%
北関東 鹿島町 住友金属鹿島 2年連続3回目
33%
東京 東京都 鷺宮製作所 20年ぶり5回目
33%
東京 府中市 東芝府中 3年連続8回目
33%
2回戦敗退 神奈川 横須賀市 日産自動車 2年連続18回目
33%
優勝 神奈川 横浜市 日本石油 7年連続37回目
33%
静岡 浜松市 河合楽器 2年ぶり22回目
33%
静岡 浜松市 ヤマハ 2年連続22回目
33%
兵庫 神戸市 三菱重工神戸 4年ぶり16回目
33%
2回戦敗退 四国 高松市 JR四国 41年ぶり2回目
33%
北海道 白老町 ヴィガしらおい 2年ぶり18回目
0%
北海道 札幌市 たくぎん 3年連続20回目
0%
4強 南関東 千葉市 川崎製鉄千葉 4年連続9回目
0%
北信越 富山市 北陸銀行 2年連続5回目
0%
準々決勝敗退 東海 東海市 新日本製鐵名古屋 2年ぶり10回目
0%
2回戦敗退 阪和 大阪市 デュプロ 18年ぶり4回目
0%
2回戦敗退 兵庫 伊丹市 小西酒造 22年ぶり7回目
0%
中国 倉敷市 三菱自動車水島 5年ぶり3回目
0%
2回戦敗退 九州 北九州市 新日本製鐵八幡 2年ぶり35回目
0%
2回戦敗退 九州 苅田町 日産自動車九州 2年連続2回目
0%
2回戦敗退 京滋奈 野洲町 日本IBM野洲 5年ぶり3回目
0%
準々決勝敗退 東北 仙台市 JR東日本東北 53年ぶり13回目
0%
準優勝 中国 福山市 NKK 3年連続18回目
0%
東北 仙台市 NTT東北 2年ぶり15回目
0%
南関東 千葉市 NTT関東 3年連続16回目
0%
No matching quizzes found
Score Distribution
Percent of People with Each Score
Percentile by Number Answered
Your Score History
You have not taken this quiz